<Die> Absatzorganisation Planung - Aufbau - Führung. Marketing-Management

Na minha lista:
Detalhes bibliográficos
Autor principal: Berekoven, Ludwig
Formato: Livro
Idioma:alemão
Publicado em: Herne Neue Wirtschafts-Briefe 1976
Edição:1. Aufl.
Colecção:Unternehmungsführung in Forschung und Praxis
Assuntos:
Tags: Adicionar Tag
Sem tags, seja o primeiro a adicionar uma tag!

MARC

LEADER 00000nam a2200000 4500
001 c010997
005 20221207073240.3
020 |a 3-482-57501-0 
041 0 |a ger 
044 |a DE 
245 1 0 |a <Die> Absatzorganisation  |b Planung - Aufbau - Führung. Marketing-Management  |c Ludwig Berekoven 
250 |a 1. Aufl. 
264 1 |a Herne  |b Neue Wirtschafts-Briefe  |c 1976 
300 |a 140 s. 
490 1 |a Unternehmungsführung in Forschung und Praxis 
830 0 |a Unternehmungsführung in Forschung und Praxis 
610 2 0 |a odbyt 
610 2 0 |a organizácia 
610 2 0 |a plánovanie 
610 2 0 |a vedenie 
610 2 0 |a riadenie 
610 2 0 |a marketing 
610 2 0 |a manažment 
610 2 0 |a hospodárstvo odbytové 
610 2 0 |a predaj 
100 1 |a Berekoven, Ludwig